MARC

LEADER 00000nam0a2200000 4500
001 350965
005 20231102010345.0
035 |a (RuTPU)RU\TPU\retro\5364 
090 |a 350965 
100 |a 20190318d1933 k y0rusy50 ca 
101 0 |a rus 
102 |a RU 
105 |a a l 000zy 
200 1 |a Электротехнические правила и нормы  |h Ч. 2  |f СССР, Народный комиссариат тяжелой промышленности (Наркомтяжпром, НКТП) 
205 |a 5-е изд., доп. и испр. 
210 |a Ленинград  |a Москва  |c Госэнергоиздат  |d 1933 
215 |a 400 с.  |c ил. 
317 |5 63413507: КР-6316  |a Поступила в НТБ в 1987 г. в дар от вдовы ученого Е. К. Завадовской 
606 1 |a Электротехника общая  |2 stltpush  |3 (RuTPU)RU\TPU\subj\20906  |9 45967 
610 1 |a стационарные установки 
610 1 |a напряжение 
610 1 |a многопроволочные провода 
610 1 |a электроизмерительные приборы 
610 1 |a лампы накаливания 
610 1 |a электрические машины 
610 1 |a силовые трансформаторы 
610 1 |a испытание 
610 1 |a тяговые электродвигатели 
610 1 |a масляные выключатели 
610 1 |a фарфоровые изоляторы 
610 1 |a технические условия 
610 1 |a предохранители 
610 1 |a переключатели 
610 1 |a установочные элементы 
610 1 |a электроизолирующие материалы 
610 1 |a электрические нагреватели 
610 1 |a правила 
610 1 |a нормы 
610 1 |a библиотека А. А. Воробьева 
610 1 |a дары библиотеке 
675 |a 621.3  |v 4 
712 0 2 |a СССР  |b Народный комиссариат тяжелой промышленности (Наркомтяжпром, НКТП)  |c (1932-1939)  |2 stltpush  |3 (RuTPU)RU\TPU\col\18473 
801 1 |a RU  |b 63413507  |c 20190318 
801 2 |a RU  |b 63413507  |c 20200603  |g RCR 
942 |c BK